000 01026nam a2200229 a 4500
001 BRCA_7328
005 20190320205809.0
008 220812s2012----mx-a######---#000-0#spa-#
041 _aspaeng
044 _amx
050 4 _aNC1807.M4
_b.B54 12 2012
245 1 0 _a12a [i.e. Décima Segunda] Bienal Internacional del Cartel en México = Twelfth International Poster Biennial in Mexico = Douzième Biennale Internationale de l´affiche au Mexique.
260 _aMéxico
_bBienal Internacional del Cartel en México
_c2012
300 _a202 p.
_bil. a color
_c33 cm.
500 _aCatálogo de la exposición realizada en el Museo Franz Mayer (Ciudad de México), 31 octubre, 2012 - 24 enero, 2013
546 _aTexto en : español e inglés
650 1 4 _aCarteles
_vConcursos
_xDiseño
_zMéxico
_918121
650 1 4 _aDiseñadores gráficos
_vExposiciones
_zMéxico
_918122
740 0 _aTwelfth International Poster Biennial in Mexico
740 0 _aDouzième Biennale Internationale de l´affiche au Mexique
942 _2lcc
_cB
999 _c7004
_d7004